Buenas y malas palabras en el castellano de Venezuela /
Na minha lista:
| Autor principal: | |
|---|---|
| Formato: | Desconhecido |
| Idioma: | Spanish |
| Publicado em: |
Madrid, España :
Mediterráneo,
1978.
|
| Edição: | 5. edición |
| coleção: | (Segunda serie ;
67) |
| Assuntos: | |
| Tags: |
Adicionar Tag
Sem tags, seja o primeiro a adicionar uma tag!
|
MARC
| LEADER | 000000000a22000000004500 | ||
|---|---|---|---|
| 001 | 008298 | ||
| 041 | 0 | |a spa | |
| 082 | 0 | 4 | |a 467.987 |b R813b5 v. 2 |
| 100 | 1 | |a Rosenblat, Angel | |
| 245 | 1 | 0 | |a Buenas y malas palabras en el castellano de Venezuela / |c Ángel Rosenblat. |
| 250 | |a 5. edición | ||
| 260 | 1 | |a Madrid, España : |b Mediterráneo, |c 1978. | |
| 300 | |a volúmenes | ||
| 490 | 1 | |a (Segunda serie ; |v 67) | |
| 650 | 4 | |a ESPAÑOL | |
| 650 | 4 | |a PROVINCIALISMO | |
| 650 | 4 | |a VENEZUELA | |
| 999 | |c 13884 |d 13884 | ||
| 942 | |c BK |h 467.987 R813b5 v. 2 |2 z | ||
